000
00302nam a22001337a 4500
008
170829b xxu||||| |||| 00| 0 eng d
020
_a
9780132320030
041
_a
eng
080
_2
6TH
_a
070
100
_a
39
101
_a
MED
245
_a
WRITING IN THE DISCIPLINES
_c
KENNEDY,M.L
942
_2
udc
_c
BK
999
_c
25361
_d
25361